| 000 | 01377cam a2200301 i 4500 | ||
|---|---|---|---|
| 003 | OSt | ||
| 005 | 20210302165419.0 | ||
| 008 | 980812s2001 ck r 000 0 spa d | ||
| 020 | _a958683428X | ||
| 040 |
_aCO-BoPUJ _cCO-JMCR |
||
| 041 | 0 | _aspa | |
| 043 | _as-ck--- | ||
| 082 | 0 | 4 |
_a342.861 / _bI121e _223 |
| 100 | 1 |
_aIbáñez Najar, Jorge Enrique _eautor _98686 |
|
| 245 | 1 | 0 |
_aEstudios de derecho constitucional económico / _cJorge Enrique Ibáñez Najar ; presentación Mario Roberto Molano López |
| 250 | _aPrimera edición. | ||
| 260 |
_aBogotá : _bPontificia Universidad Javeriana, _c2001 |
||
| 300 |
_axxii, 1036 páginas ; _c24 cm. |
||
| 500 | _aColección Hernando Bermúdez Gómez; c.3 | ||
| 520 | 0 | _aEste libro recoge, por un aparte, los principales estudios que elaborados por el autor, fueron tenidos en cuenta en la aprobación de las normas de contenido económico previstas en la Constitución política de 1991, sobre régimen monetario, sistema contable y control fiscal . | |
| 650 | 1 | 4 |
_aDerecho económico _zColombia _913040 |
| 650 | 2 | 4 |
_aEstado de emergencia _914269 |
| 651 | 4 |
_aColombia _xDerecho constitucional _98137 |
|
| 700 | 1 |
_aMolano López, Mario Roberto _eprólogo _914270 |
|
| 710 | 2 |
_aPontificia Universidad Javeriana _bFacultad de Ciencias Jurídicas _914271 |
|
| 740 | 0 | _a10 años de la constitución política | |
| 942 |
_2ddc _cBK |
||
| 999 |
_c7418 _d7418 |
||